Electrical Properties of Wood and Line Design / (Record no. 12111)
[ view plain ]
| 000 -LEADER | |
|---|---|
| fixed length control field | 00633nam a22001457a 4500 |
| 008 - FIXED-LENGTH DATA ELEMENTS--GENERAL INFORMATION | |
| fixed length control field | 090629t xxu||||| |||| 00| 0 eng d |
| 020 ## - INTERNATIONAL STANDARD BOOK NUMBER | |
| International Standard Book Number | 0702215236 |
| 082 ## - DEWEY DECIMAL CLASSIFICATION NUMBER | |
| Edition number | 22 |
| Classification number | 620.12 |
| Item number | DAR |
| 245 ## - TITLE STATEMENT | |
| Title | Electrical Properties of Wood and Line Design / |
| Statement of responsibility, etc | M. Darveniza ; foreword by S.A. Prentice |
| 260 ## - PUBLICATION, DISTRIBUTION, ETC. (IMPRINT) | |
| Place of publication, distribution, etc | St. Lucia, Q. : |
| Name of publisher, distributor, etc | University of Queensland Press, |
| Date of publication, distribution, etc | 1980 |
| 300 ## - PHYSICAL DESCRIPTION | |
| Extent | vii,196p. : |
| Other physical details | ill., diagrs., graphs, map ; |
| Dimensions | 30 cm. |
| 650 ## - SUBJECT ADDED ENTRY--TOPICAL TERM | |
| 9 (RLIN) | 7212 |
| Topical term or geographic name as entry element | Wood |
| General subdivision | --Electric propertie |
| 942 ## - ADDED ENTRY ELEMENTS (KOHA) | |
| Source of classification or shelving scheme | Dewey Decimal Classification |
| Item type | Book - Borrowing |
| Withdrawn status | Item status | Source of classification or shelving scheme | Damaged status | Not for loan | Vendor | Home library | Current library | Shelving location | Date acquired | Cost, normal purchase price | Full call number | Barcode | Date last seen | Koha item type |
|---|---|---|---|---|---|---|---|---|---|---|---|---|---|---|
| Dewey Decimal Classification | Alef-Baa | Central Library | Central Library | First floor | 29/06/2009 | 150.00 | 620.12 DAR | 000017219 | 15/07/2025 | Book - Borrowing |